1442 1440 1821 1405 1655 1810 1762 1795 1007 1290 1677 1735 1010 1140 1384 1844 1609 1231 1104 1903 1661 1854 1087 1757 1569 1253 1366 1707 1717 1494 1920 1927 1621 1958 1795 1485 1573 1879 1989 1755 1682 1802 1997 1425 1357 1814 1256 1805 1898 1603 1623 1147 1427 1856 1661 1973 1619 1390 1284 1327 1735 1918 1881 1868 1485 1469 1559 1303 1642 1402 1769 1645 1149 1001 1850 1074 1470 1575 1714 1127 1914 1305 1213 1460 1767 1158 1237 1923 1838 1820 1253 1271 1885 1073 1289 1797 1798 1677 1711 BCNSPRNW ULIB Ver.6.0+V

เปลี่ยนเป็นภาษาไทย

Change to English
 แสดงรายละเอียดบรรณานุกรม
  กลับหน้าหลัก

Brief Record : Get Marc (ISO 2709) : E-mail record : QR code < ปิดหน้าต่าง
LEADER : 00000nam 2200000uu 4500
001    13399108497
003     ULIB
008    110306s2553||||th 000 0 tha d
020    9786165070270
060 04 WB110^bส661ค
100 0  สายพิณ หัตถีรัตน์
245 10 คู่มือการดูแลสุขภาพครอบครัว =^bWorking with the family /^cสายพิณ หัตถีรัตน์ และคณะ
246 31 Working with the family
250    พิมพ์ครั้งที่ 1
260    กรุงเทพฯ :^bหมอชาวบ้าน,^c2553
300    (18), 418 หน้า :^bภาพประกอบ ;^c22 ซม.
650  2 Family
650  2 Family Practice^vhandbooks
650  2 Family Medicine^vhandbooks
650  2 Nurse and Patient^vhandbooks
650  2 Primary Health Care^vhandbooks
650  7 การรักษาโรค^vคู่มือ
650  7 การพยาบาลครอบครัว^vคู่มือ
650  7 ครอบครัว^xสุขภาพและอนามัย^vคู่มือ
650  7 ผู้ป่วย^xการดูแล^vคู่มือ
650  7 สุขภาพ^vคู่มือ
650  7 เวชศาสตร์ครอบครัว^vคู่มือ
945    ^p350^l0^i18046
945    ^p350^l0^i18045
945    ^p350^l0^i18044
945    ^p350^l0^i18318
945    ^p350^l0^i18319
945    ^p350^l0^i18322
945    ^p350^l0^i22161
945    ^p350^l0^i22162
945    ^p350^l0^i22163
945    ^p350^l0^i22164
945    ^p350^l0^i22165
995    เกษร
999 ^a ใช้งานได้ทุกระบบ
รายการนี้ยังไม่มีแท็ก
คุณยังไม่ได้ล็อกอิน คุณสามารถมีกิจกรรมร่วมกับเว็บไซต์ได้ แต่ต้องล็อกอินก่อน ::
  ล็อกอิน

รายการสื่อสารสนเทศ

ลำดับที่ ประเภท เลขเรียก/บาร์โค้ด สถานที่ สถานะ
1. วิทยาศาสตร์การแพทย์ และสุขภาพ
หนังสือสำรอง
สถานะ=หนังสือสำรอง
WB110 ส661ค ฉ.1 
  Barcode: 18044
ห้องสมุดวิทยาเขตนครสวรรค์
►ส่วนจัดเก็บหนังสือเก่า นว.
บนชั้น
  ขอยืม
2. วิทยาศาสตร์การแพทย์ และสุขภาพ
วิทยาศาสตร์การแพทย์ และสุขภาพ
WB110 ส661ค ฉ.10 
  Barcode: 22164
ห้องสมุดวิทยาเขตนครสวรรค์
►ส่วนจัดเก็บหนังสือเก่า นว.
บนชั้น
  ขอยืม
3. วิทยาศาสตร์การแพทย์ และสุขภาพ
วิทยาศาสตร์การแพทย์ และสุขภาพ
WB110 ส661ค ฉ.11 
  Barcode: 22165
ห้องสมุดวิทยาเขตนครสวรรค์
►ส่วนจัดเก็บหนังสือเก่า นว.
บนชั้น
  ขอยืม
4. วิทยาศาสตร์การแพทย์ และสุขภาพ
วิทยาศาสตร์การแพทย์ และสุขภาพ
WB110 ส661ค ฉ.2 
  Barcode: 18045
ห้องสมุดวิทยาเขตนครสวรรค์
►ส่วนจัดเก็บหนังสือเก่า นว.
บนชั้น
  ขอยืม
5. วิทยาศาสตร์การแพทย์ และสุขภาพ
วิทยาศาสตร์การแพทย์ และสุขภาพ
WB110 ส661ค ฉ.3 
  Barcode: 18046
ห้องสมุดวิทยาเขตนครสวรรค์
►ส่วนจัดเก็บหนังสือเก่า นว.
บนชั้น
  ขอยืม
6. วิทยาศาสตร์การแพทย์ และสุขภาพ
วิทยาศาสตร์การแพทย์ และสุขภาพ
WB110 ส661ค ฉ.4 
  Barcode: 18318
ห้องสมุดวิทยาเขตนครสวรรค์
►ส่วนจัดเก็บหนังสือเก่า นว.
บนชั้น
  ขอยืม
7. วิทยาศาสตร์การแพทย์ และสุขภาพ
วิทยาศาสตร์การแพทย์ และสุขภาพ
WB110 ส661ค ฉ.6 
  Barcode: 18322
ห้องสมุดวิทยาเขตนครสวรรค์
►ส่วนจัดเก็บหนังสือเก่า นว.
บนชั้น
  ขอยืม
8. วิทยาศาสตร์การแพทย์ และสุขภาพ
วิทยาศาสตร์การแพทย์ และสุขภาพ
WB110 ส661ค ฉ.7 
  Barcode: 22161
ห้องสมุดวิทยาเขตนครสวรรค์
►ส่วนจัดเก็บหนังสือเก่า นว.
บนชั้น
  ขอยืม
9. วิทยาศาสตร์การแพทย์ และสุขภาพ
วิทยาศาสตร์การแพทย์ และสุขภาพ
WB110 ส661ค ฉ.8 
  Barcode: 22162
ห้องสมุดวิทยาเขตนครสวรรค์
►ส่วนจัดเก็บหนังสือเก่า นว.
บนชั้น
  ขอยืม
10. วิทยาศาสตร์การแพทย์ และสุขภาพ
วิทยาศาสตร์การแพทย์ และสุขภาพ
WB110 ส661ค ฉ.9 
  Barcode: 22163
ห้องสมุดวิทยาเขตนครสวรรค์
►ส่วนจัดเก็บหนังสือเก่า นว.
บนชั้น
  ขอยืม

รายการใกล้เคียง
    ผู้แต่ง [สายพิณ หัตถีรัตน์]

    หัวเรื่อง [Family]

BibComment


ยังไม่เคยถูกคอมเมนท์

คอมเมนท์ทรัพยากรรายการนี้
  คอมเมนท์: คู่มือการดูแลสุขภ..


 Copyright 2026. Bcnsprnw @Library